Postgrey plus Database connectors, post GIS (Record no. 139461)

000 -LEADER
fixed length control field 00271nmm a2200097Ia 4500
008 - FIXED-LENGTH DATA ELEMENTS--GENERAL INFORMATION
fixed length control field 220120s9999||||xx |||||||||||||||||und||
020 ## - INTERNATIONAL STANDARD BOOK NUMBER
International Standard Book Number 81-7808-312-4
100 ## - MAIN ENTRY--PERSONAL NAME
Personal name LFY Feburary 2010
245 #0 - TITLE STATEMENT
Title Postgrey plus Database connectors, post GIS
260 ## - PUBLICATION, DISTRIBUTION, ETC.
Place of publication, distribution, etc. EFY
Name of publisher, distributor, etc. New Delhi
Date of publication, distribution, etc. 2010
Holdings
Withdrawn status Lost status Damaged status Not for loan Home library Current library Date acquired Barcode Date last seen Price effective from Koha item type
        Central Library Central Library 01/20/2022 CD1012 01/20/2022 01/20/2022 Compact Disc

Powered by Koha